Ornamental bedding plants /

Guardado en:
Autor Principal: Armitage, Allan M
Formato: Libro
Publicado: Gran Bretaña : Cab International, 1994
Etiquetas: Agregar Etiqueta
Sin Etiquetas, Sea el primero en etiquetar este registro!
LEADER 00453nam a22001575a 4500
001 CEM.cems016532
005 20141030055315.0
008 130507s1994##################000#0#####d
003 CEMS
020 |a 0851989012 
082 0 4 |a 635.9 
100 1 |a Armitage, Allan M 
245 1 0 |a Ornamental bedding plants /  |c Allan M Armitage, 
260 |a Gran Bretaña :  |b Cab International,  |c 1994 
300 |a 175 p. 
859 |a CEMS  |b BIB. CEMS - Agricultura  |h 635.9  |i A55  |p A0203.00  |t Ej.1